[Event "GCT 2026 - Superbet Chess Classic"]
[Site "Bucarest"]
[Date "20.05.2026"]
[Round "6"]
[White "Van Foreest, Jorden"]
[Black "Giri, Anish"]
[Result "1/2-1/2"]
[WhiteTitle "GM"]
[BlackTitle "GM"]
[WhiteElo "2735"]
[BlackElo "2767"]
[WhiteFideId "1039784"]
[BlackFideId "24116068"]
[EventDate "2026.05.14"]

1. c4 Nf6 2. Nc3 e5 3. Nf3 Nc6 4. h3 d5 5. cxd5 Nxd5 6. e4 Ndb4 7. d3 Nd4 8.
Nxd4 exd4 9. Nb1 a5 10. Be2 Be7 11. O-O O-O 12. Nd2 Kh8 13. a3 Na6 14. f4 Nc5
15. f5 a4 16. Rb1 Ra6 17. Nf3 Nb3 18. Bf4 c5 19. Qe1 b5 20. Qg3 c4 21. Bc7 Bd6
22. Bxd6 Qxd6 23. Qxd6 Rxd6 24. dxc4 d3 25. Bd1 bxc4 26. Bxb3 cxb3 27. Rbc1 d2
28. Rcd1 f6 29. Rxd2 Rxd2 30. Nxd2 Bb7 31. Rc1 Rd8 32. Rc7 Rxd2 33. Rxb7 Kg8 34.
Rb4 Rxb2 35. Rxa4 Re2 36. Rb4 b2 37. Kh2 Kf8 38. Rb7 Kg8 39. Kg3 Rxe4 40. Rxb2
Re3+ 41. Kf4 Rxa3 42. Rb8+ Kf7 43. Rb7+ Kg8 44. Rb8+ Kf7 45. Rb7+ Kg8 46. Rb8+ 1/2-1/2

[Event "GCT 2026 - Superbet Chess Classic"]
[Site "Bucarest"]
[Date "20.05.2026"]
[Round "6"]
[White "Caruana, Fabiano"]
[Black "Sindarov, Javokhir"]
[Result "1/2-1/2"]
[WhiteTitle "GM"]
[BlackTitle "GM"]
[WhiteElo "2788"]
[BlackElo "2776"]
[WhiteFideId "2020009"]
[BlackFideId "14205483"]
[EventDate "2026.05.14"]

1. e4 e5 2. Nf3 Nc6 3. Bc4 Nf6 4. d3 Bc5 5. c3 d6 6. O-O h6 7. b4 Bb6 8. Nbd2
O-O 9. Bb3 a6 10. a4 Ne7 11. Re1 Ng6 12. a5 Ba7 13. d4 Re8 14. h3 Be6 15. Bc2
Nh7 16. Nf1 Ng5 17. Be3 Qf6 18. N1h2 Nxf3+ 19. Nxf3 c6 20. Bb3 Bxb3 21. Qxb3 Nf4
22. dxe5 dxe5 23. Bxf4 Qxf4 24. c4 Rad8 25. c5 Bb8 26. Rad1 Bc7 27. g3 Qf6 28.
Kg2 Kf8 29. h4 Qg6 30. Qc2 Qg4 31. Nh2 Qg6 32. Nf3 Qg4 33. Nh2 Qg6 34. Nf3 1/2-1/2

[Event "GCT 2026 - Superbet Chess Classic"]
[Site "Bucarest"]
[Date "20.05.2026"]
[Round "6"]
[White "Deac, Bogdan-Daniel"]
[Black "Praggnanandhaa, Rameshbabu"]
[Result "1/2-1/2"]
[WhiteTitle "GM"]
[BlackTitle "GM"]
[WhiteElo "2650"]
[BlackElo "2733"]
[WhiteFideId "1226380"]
[BlackFideId "25059530"]
[EventDate "2026.05.14"]

1. d4 e6 2. Nf3 f5 3. g3 Nf6 4. Bg2 Be7 5. O-O d5 6. c4 Ne4 7. Ne5 Nd7 8. Bf4 g5
9. Be3 c6 10. Nd2 Nxe5 11. dxe5 O-O 12. Nxe4 dxe4 13. Qc1 h6 14. f3 Qc7 15. fxe4
Qxe5 16. Kh1 Bd7 17. Rd1 Qc7 18. c5 e5 19. Qc4+ Kg7 20. exf5 Bxf5 21. Be4 Qc8
22. Bxf5 Qxf5 23. Kg2 g4 24. Rf1 Qg6 25. Rxf8 Rxf8 26. Rd1 Qf5 27. Qd3 Qxd3 28.
Rxd3 Rd8 29. Rb3 Rd7 30. h3 gxh3+ 31. Kxh3 h5 32. g4 hxg4+ 33. Kxg4 Kf6 34. Bg5+
Ke6 35. Bxe7 Rxe7 36. e4 Rf7 37. Kg3 a5 38. Rf3 Rg7+ 39. Kf2 Rg4 40. Re3 Rf4+
41. Ke2 Kf6 42. b3 Kg5 43. Rg3+ Kh4 44. Rg7 Rxe4+ 45. Kf3 Rb4 46. Re7 Kg5 47.
Rxe5+ Kf6 48. Rh5 Ke6 49. Ke3 a4 50. bxa4 Rxa4 51. Rh7 Rxa2 52. Rxb7 Kd5 53. Kd3
Kxc5 54. Kc3 Ra3+ 55. Kc2 Kc4 56. Rh7 Ra2+ 57. Kc1 c5 58. Rh4+ Kb3 59. Rh3+ Kb4
60. Rh4+ c4 61. Rh3 Ra3 62. Rxa3 Kxa3 63. Kc2 Kb4 64. Kb2 c3+ 65. Kc2 Kc4 66.
Kc1 Kb3 67. Kb1 c2+ 68. Kc1 Kc3 1/2-1/2

[Event "GCT 2026 - Superbet Chess Classic"]
[Site "Bucarest"]
[Date "21.05.2026"]
[Round "7"]
[White "Praggnanandhaa, Rameshbabu"]
[Black "Caruana, Fabiano"]
[Result "0-1"]
[WhiteElo "2733"]
[BlackElo "2788"]
[EventDate "2026.05.14"]

1. d4 d5 2. c4 e6 3. Nf3 Nf6 4. Nc3 Bb4 5. Qa4+ Nc6 6. Bd2 dxc4 7. e3 O-O
8. Bxc4 Bd6 9. Qc2 e5 10. dxe5 Nxe5 11. Nxe5 Bxe5 12. O-O-O Qe7 13. Bd3 Rd8
14. e4 c5 15. f4 Bxc3 16. Bxc3 Bg4 17. Rde1 c4 18. Bxc4 Rac8 19. Bb3 b5 20.
Kb1 a5 21. h3 Be6 22. Bxe6 Qxe6 23. f5 Qc6 24. e5 Nd5 25. Qe2 Nf4 26. Qg4
b4 27. Qxf4 bxc3 28. Rc1 Rb8 29. b3 a4 30. b4 a3 31. e6 Qc5 32. Ka1 Rxb4
33. Qg3 c2 0-1

[Event "GCT 2026 - Superbet Chess Classic"]
[Site "Bucarest"]
[Date "21.05.2026"]
[Round "7"]
[White "Sindarov, Javokhir"]
[Black "Keymer, Vincent"]
[Result "1-0"]
[WhiteElo "2776"]
[BlackElo "2759"]
[EventDate "2026.05.14"]

1. d4 Nf6 2. c4 e6 3. Nf3 d5 4. Nc3 c5 5. cxd5 cxd4 6. Qxd4 exd5 7. Bg5 Be7
8. Qd2 Be6 9. e3 O-O 10. Bd3 h6 11. Bf4 Nc6 12. O-O Rc8 13. a3 Qb6 14. Rac1
Rfd8 15. Na4 Qb3 16. Bc2 Qb5 17. Qd1 d4 18. Nxd4 Nxd4 19. exd4 Bd7 20. Bb3
Rxc1 21. Bxc1 Bg4 22. f3 Bc8 23. Nc3 Qh5 24. Qe2 Bd6 25. g4 Qa5 26. Ne4 Be7
27. g5 Nxe4 28. fxe4 Bxg5 29. Bxf7+ Kh8 30. b4 Qb6 31. Bxg5 hxg5 32. Qh5+
Qh6 33. d5 Bh3 34. Rf3 g4 35. Qxh6+ gxh6 36. Rf4 Rc8 37. Kf2 Rc2+ 38. Kg3
Rd2 39. Be6 h5 40. Kh4 1-0

[Event "GCT 2026 - Superbet Chess Classic"]
[Site "Bucarest"]
[Date "21.05.2026"]
[Round "7"]
[White "Vachier Lagrave, Maxime"]
[Black "Deac, Bogdan-Daniel"]
[Result "1/2-1/2"]
[WhiteElo "2717"]
[BlackElo "2650"]
[EventDate "2026.05.14"]

1. e4 e5 2. Nf3 Nc6 3. Bc4 Nf6 4. d3 Be7 5. Nc3 d6 6. a4 O-O 7. O-O Na5 8.
Ba2 c5 9. Bg5 Nc6 10. Bxf6 Bxf6 11. Nd5 g6 12. Rb1 Be6 13. c3 Bg7 14. b4
cxb4 15. Nxb4 Bd7 16. Nd2 Nxb4 17. cxb4 Bh6 18. b5 Qe7 19. Bd5 Be6 20. Bxe6
Qxe6 21. Nc4 d5 22. exd5 Qxd5 23. Qe2 Rad8 24. Rfd1 Rfe8 25. h4 b6 26. a5
bxa5 27. Nxa5 Rb8 28. Nc4 Bf8 29. b6 axb6 30. Rxb6 Rxb6 31. Nxb6 Qd4 32.
Nc4 Bc5 33. g3 e4 34. dxe4 Rxe4 35. Rxd4 Rxe2 36. Rf4 f5 37. Kf1 Rc2 38.
Ne3 Bxe3 39. fxe3 Kg7 40. Ra4 h5 41. Ra7+ Kf6 42. Ra6+ Kf7 43. Ra7+ Kf6 44.
Ra6+ Kf7 45. Ra7+ Kf6 46. Ra6+ 1/2-1/2

[Event "GCT 2026 - Superbet Chess Classic"]
[Site "Bucarest"]
[Date "21.05.2026"]
[Round "7"]
[White "Giri, Anish"]
[Black "So, Wesley"]
[Result "1/2-1/2"]
[WhiteElo "2767"]
[BlackElo "2754"]
[EventDate "2026.05.14"]

1. e4 e5 2. Nf3 Nc6 3. Bb5 Nf6 4. d3 d6 5. O-O a6 6. Bxc6+ bxc6 7. Re1 c5
8. c3 Be7 9. d4 exd4 10. cxd4 cxd4 11. Nxd4 Bb7 12. Nf5 O-O 13. Bg5 Re8 14.
Qd4 Qd7 15. Nxe7+ Qxe7 16. Nd2 h6 17. Bxf6 Qxf6 18. Qxf6 gxf6 19. Rac1 Re7
20. f3 Rb8 21. b3 a5 22. Nc4 a4 23. bxa4 Bc8 24. Na5 Ra8 25. Nc6 Re8 26. a5
Kg7 27. Red1 f5 28. exf5 Bxf5 29. Rd2 Bd7 30. h3 Bxc6 31. Rxc6 Ra7 32. a6
Re5 33. Rdc2 Ra5 34. Rxc7 Rxc7 35. Rxc7 Rxa6 36. Rc2 d5 37. Kf2 Ra3 38. g4
h5 39. gxh5 Kh6 40. Kg3 Kxh5 41. Kf4 Kh4 42. Rd2 Ra5 43. Rd4 Rxa2 44. Rxd5
Ra4+ 45. Kf5 Kg3 46. Kg5 Rf4 47. Rd6 Rxf3 48. Rf6 Rxf6 49. Kxf6 Kxh3 50.
Kxf7 1/2-1/2

[Event "GCT 2026 - Superbet Chess Classic"]
[Site "Bucarest"]
[Date "23.05.2026"]
[Round "9"]
[White "Keymer, Vincent"]
[Black "Van Foreest, Jorden"]
[Result "1-0"]
[WhiteTitle "GM"]
[BlackTitle "GM"]
[WhiteElo "2759"]
[BlackElo "2735"]
[WhiteFideId "12940690"]
[BlackFideId "1039784"]
[EventDate "2026.05.14"]

1. e4 c5 2. Nf3 d6 3. Bb5+ Nd7 4. Ba4 Nf6 5. O-O a6 6. c4 g6 7. Nc3 Bg7 8. h3
O-O 9. d3 Ne5 10. Nxe5 dxe5 11. a3 Nh5 12. Be3 Nf4 13. Qd2 Ne6 14. b4 Nd4 15.
bxc5 Qa5 16. Nd5 Qxa4 17. Bxd4 exd4 18. Nb6 Qc6 19. Nxa8 Qxc5 20. Qb4 Qh5 21.
Qxe7 Bxh3 22. gxh3 Qxh3 23. Qg5 Rxa8 24. Qg3 Qd7 25. a4 Rc8 26. f4 Rc5 27. e5
Qf5 28. Kg2 Qd7 29. Qh3 Qc7 30. Qf3 Bf8 31. Qe4 Qd7 32. Qf3 Rc6 33. Ra2 Rb6 34.
Rff2 a5 35. f5 gxf5 36. Qxf5 Qe8 37. Rae2 Bh6 38. e6 fxe6 39. Qg4+ Qg6 40. Qxg6+
hxg6 41. Rb2 Rb4 42. Rxb4 axb4 43. c5 Bf8 44. c6 bxc6 45. a5 Bc5 46. Rb2 1-0

[Event "GCT 2026 - Superbet Chess Classic"]
[Site "Bucarest"]
[Date "23.05.2026"]
[Round "9"]
[White "Vachier Lagrave, Maxime"]
[Black "Caruana, Fabiano"]
[Result "1/2-1/2"]
[WhiteTitle "GM"]
[BlackTitle "GM"]
[WhiteElo "2717"]
[BlackElo "2788"]
[WhiteFideId "623539"]
[BlackFideId "2020009"]
[EventDate "2026.05.14"]

1. e4 c5 2. Nf3 e6 3. d4 cxd4 4. Nxd4 Nf6 5. Nc3 Nc6 6. Nxc6 bxc6 7. e5 Nd5 8.
Ne4 Qc7 9. f4 Qb6 10. c4 Ne3 11. Qd3 Nf5 12. g4 Nd4 13. Bg2 h5 14. g5 h4 15. h3
Ba6 16. b3 d5 17. exd6 O-O-O 18. Bb2 Bxd6 19. Nxd6+ Rxd6 20. O-O-O Rhd8 21. Qe4
Bb7 22. g6 f6 23. Rhe1 Kc7 24. Bc3 Bc8 25. Rd2 c5 26. Red1 Bb7 27. Qe1 Kc8 28.
Bxb7+ Kxb7 29. Kb2 Nf5 30. Rxd6 Rxd6 31. Rxd6 Qxd6 32. Qg1 a6 33. Qg2+ Qc6 34.
Qg1 Qd6 35. Qg2+ Qc6 36. Qg1 Qd6 1/2-1/2

[Event "GCT 2026 - Superbet Chess Classic"]
[Site "Bucarest"]
[Date "23.05.2026"]
[Round "9"]
[White "Giri, Anish"]
[Black "Praggnanandhaa, Rameshbabu"]
[Result "1/2-1/2"]
[WhiteTitle "GM"]
[BlackTitle "GM"]
[WhiteElo "2767"]
[BlackElo "2733"]
[WhiteFideId "24116068"]
[BlackFideId "25059530"]
[EventDate "2026.05.14"]

1. d4 Nf6 2. c4 e6 3. Nc3 Bb4 4. Qc2 c5 5. dxc5 Qa5 6. Bd2 Qxc5 7. e3 d5 8. cxd5
Nxd5 9. Rc1 Nxc3 10. Bxc3 Bxc3+ 11. Qxc3 Qxc3+ 12. Rxc3 Nc6 13. Nf3 Bd7 14. a3
Ke7 15. Bd3 Rac8 16. Ke2 Nb8 17. Rhc1 Rxc3 18. Rxc3 Rc8 19. Rxc8 Bxc8 20. Nd4 h6
21. f4 Nc6 22. Nxc6+ bxc6 23. b4 Kd6 24. Kd2 f6 25. Bc4 e5 26. Kc3 Bg4 27. g3
Bh5 28. Bb3 Bg4 29. Bc4 Bh5 30. Bb3 Bg4 31. Bc4 Bh5 1/2-1/2

[Event "GCT 2026 - Superbet Chess Classic"]
[Site "Bucarest"]
[Date "23.05.2026"]
[Round "9"]
[White "Sindarov, Javokhir"]
[Black "So, Wesley"]
[Result "1/2-1/2"]
[WhiteTitle "GM"]
[BlackTitle "GM"]
[WhiteElo "2776"]
[BlackElo "2754"]
[WhiteFideId "14205483"]
[BlackFideId "5202213"]
[EventDate "2026.05.14"]

1. e4 e5 2. Nf3 Nc6 3. Bb5 Nf6 4. O-O Nxe4 5. Re1 Nd6 6. Nxe5 Be7 7. Bf1 Nxe5 8.
Rxe5 O-O 9. d4 Bf6 10. Re1 Re8 11. Nc3 Rxe1 12. Qxe1 Bxd4 13. Bf4 Ne8 14. Nd5 c6
15. Ne7+ Kf8 16. Nxc8 Qf6 17. Rd1 Rxc8 18. Qe4 Bb6 19. Rxd7 Rd8 20. Rxd8 Qxd8
21. Bd3 Qf6 22. c3 Nd6 23. Qe5 Qxe5 24. Bxe5 Ne8 25. Kf1 h5 26. h4 Ke7 27. Ke2
g6 28. Bf4 Nc7 29. Bg5+ Kd7 30. a4 Ne6 31. Bd2 a6 32. b4 Bc7 33. g3 a5 34. Bc4
f5 35. Be3 Ke7 36. f4 axb4 37. cxb4 b5 38. Bxe6 Kxe6 39. a5 Kd7 40. a6 Kc8 41.
Bc5 Bd8 42. Kd3 Kc7 43. Kd4 Bf6+ 44. Kd3 Bd8 45. Kd4 Bf6+ 46. Kd3 Bd8 1/2-1/2